Statistiken für Edelgase

Klicken Sie hier um das Quiz zu spielen!

Allgemein

  • Dieses Quiz wurde 13.149 mal gespielt
  • Das Durchschnittsergebnis liegt bei 4 aus 7

Antwortstatistiken

#SymbolElement% Korrekt
2HeHelium
92%
10NeNeon
83%
18ArArgon
71%
54XeXenon
69%
86RnRadon
47%
36KrKrypton
46%
118OgOganesson
17%

Verteilung der Resultate

Perzentil nach korrekt beantworteten Fragen

Anzahl Personen mit jedem Resultat

Ihre Resultats-Entwicklung

Sie haben dieses Quiz noch nicht gespielt